000 00439nam a2200133Ia 4500
008 100328s9999 xx 000 0 und d
082 _b71870
100 _aबारटक्के सुहास.
245 _aबल्ल्या व इतर कथा
260 _bदिलीपराज.
630 _aबल्ल्या व इतर कथा
730 _aबल्ल्या व इतर कथा
942 _cBOOK
999 _c557593
_d557590